000 00331nam a2200133Ia 4500
008 240624s9999 xx 000 0 und d
041 _aeng
082 _a152.4 MOL
100 _aMOLDOVEANU MIHNEA
245 _aMASTER PASSIONS EMOTION NARRATIVE AND TH
260 _c2002
_aLondon
_bMIT Press
300 _a269 : p.
365 _c
_b26
999 _c23924
_d23924